000 00805nam a22002177a 4500
005 20150520114817.0
008 140714b xxu||||| |||| 00| 0 Urdu d
010 _aUR-8932
020 _c200.00
_a9788182238381
035 _aU-7487
037 _bBPPD/Pub/Ven
040 _aDPL
_bUrdu
082 _a 840.8
100 _aمحمد ا بر ا ر البا قی
245 _aتصا نيف ڈ ا کٹر ز و ر کی و ضا حتی کتا بيا ت
_cمحمد ا بر ا ر البا قی
246 _aTasaneef-e-Dr.Zore ki Wazahati Kitabiyat
_bByMohd. Abrarul Baqui
260 _bEducational Publishing House
_c2009
_aDelhi
270 _a3108,Vakil Street Kucha Pandit,Lal Kuan
_bDelhi
_k01123216162
_e110006
300 _a184ص
_c22Cm (Hb)
942 _2ddc
_cUR
_e
_h 840.8
_mم ح م
999 _c93773
_d93773